Liste des noms de Pokémon finissant par H - Statistiques

Statistiques générales
  • Ce quiz a été pris 50 fois
  • Le résultat moyen est 4 sur 13
Statistiques - réponses
Pokémon % Correct
Ho-Oh
78%
Kravarech
57%
Tutafeh
43%
Angoliath
35%
Gravalanch
30%
Anorith
26%
Qwilfish
22%
Bacabouh
17%
Écrémeuh
17%
Relicanth
17%
Vigoroth
17%
Pachyradjah
13%
Métamorph
4%
Aucun quiz correspondant
Distribution des résultats
% des personnes avec chaque résultat
Percentile par nombre de réponses
Votre historique - résultats
Vous n’avez pas pris ce quiz